| 000 | 00486nam a2200193 a 4500 | ||
|---|---|---|---|
| 001 | 1760698995339 | ||
| 003 | ACL | ||
| 005 | 20251017163642.0 | ||
| 008 | 251017s2009##################000#0#eng## | ||
| 020 | _a9781562865948 | ||
| 082 | 0 | 4 |
_a658.45602 _bWIL |
| 100 | 1 |
_aWilson, Shauna, _eauthor. |
|
| 245 | 1 | 0 | _aSuccessful Online Meetings : |
| 260 |
_bAmer Society for Training &, _c2009. |
||
| 300 | _a16 pages | ||
| 650 | 0 | _aComputers. | |
| 942 | _cENGLISH | ||
| 040 |
_aACL _beng _cACL |
||
| 999 |
_c592164 _d592164 |
||